000 00613aam a2200205 4500
005 20220118171938.0
008 150428b xxu||||| |||| 00| 0 spa d
041 _aEspañol
082 _a371.9 M538e
100 _aMeléndez Rodríguez, Lady
_934789
245 _aLa educación especial en Costa Rica: fundamentos de evaluación
260 _aCosta Rica
_bEUNED
_c2007
300 _a172 páginas
650 _aCOSTA RICA
_962185
650 _aEDUCACION ESPECIAL
_91030
650 _aPERSONAS CON DISCAPACIDAD
_92357
650 _aATENCION DE PERSONAS
_934791
650 _aDERECHOS HUMANOS
_9166
942 _cBK
999 _c5056
_d5056